000 00464nam a2200181Ia 4500
001 7358
005 20260306160449.0
008 260306t1997||||xx |||||||||||||| ||spa||
041 _aESP
082 _a338.6048
_bQ71
100 _aQuiroga Glave, María del Rosario,
_eAUT
245 0 _aLa concentración de empresas y la libre competencia
260 _c1997
300 _a268 páginas :
_c20 cm.
650 _aGEN
654 _aCAN
942 _cLIB
_dJUS
_fJUS
_2ddc
_n
999 _c7358
_d7358